Ética social / (Registro nro. 2300)

Detalles MARC
000 -LEADER
fixed length control field 01240nam a2200349 a 4500
005 - FECHA ULTIMA MODIFICACION
control field 20240412132158.0
008 - CAMPO DE CONTROL (LIBRO)
fixed length control field 100325t1998||||sp |||f |||| 001 0 spa d
020 ## - INTERNATIONAL STANDARD BOOK NUMBER
ISBN 9788437616513
041 ## - CODIGO DE IDIOMA
Código de idioma del texto/pista de sonido o título separado spa
092 ## - SIGNATURA TOPOGRAFICA DEWEY LOCAL
número de clasificación 170
libristica 82
sección TEI
100 1# - ENTRADA PRINCIPAL--NOMBRE PERSONAL
Nombre personal Teichman, Jenny
9 (RLIN) 3164
245 ## - TITULO PROPIAMENTE DICHO
Título Ética social /
Mención de responsabilidad y remanente de la transcripción de la portada Jenny Teichman
250 ## - MENCION DE EDICION
Mención de edición 1a ed.
Mención de responsabilidad relacionada con la ed. Traducción Elisa Lucena
260 ## - PIE DE IMPRENTA
Lugar de publicación, distribución, etc Madrid:
Nombre de la editorial, distribuidor, etc Cátedra;
Fecha de publicación 1998.
300 ## - DESCRIPCION FISICA
Extension 232 p.
500 ## - NOTA GENERAL
Nota general Teichman, J. (1998). Ética social. (1a ed.). Madrid : Cátedra.
590 ## - NOTAS LOCALES (RLIN)
Nota local Donación Dora Vera, Febrero 2017
653 ## - TÉRMINO INDIZADO - PALABRAS CLAVES
Palabra clave Moralidad y humanidad
653 ## - TÉRMINO INDIZADO - PALABRAS CLAVES
Palabra clave Egoísmo, relativismo, consecuencialismo
653 #3 - TÉRMINO INDIZADO - PALABRAS CLAVES
Palabra clave El fundamento ético
653 ## - TÉRMINO INDIZADO - PALABRAS CLAVES
Palabra clave Seres humanos y personas
653 #4 - TÉRMINO INDIZADO - PALABRAS CLAVES
Palabra clave Los seres humanos y los otros animales
653 #2 - TÉRMINO INDIZADO - PALABRAS CLAVES
Palabra clave A favor y en contra de la eutanasia
653 ## - TÉRMINO INDIZADO - PALABRAS CLAVES
Palabra clave Lógica y práctica de la eutanasia
653 #3 - TÉRMINO INDIZADO - PALABRAS CLAVES
Palabra clave El aborto
653 ## - TÉRMINO INDIZADO - PALABRAS CLAVES
Palabra clave Etica profesional
653 ## - TÉRMINO INDIZADO - PALABRAS CLAVES
Palabra clave Feminismo y masculinismo
653 ## - TÉRMINO INDIZADO - PALABRAS CLAVES
Palabra clave Libertad de pensamiento y de expresión
653 ## - TÉRMINO INDIZADO - PALABRAS CLAVES
Palabra clave Apéndice 1: Los derechos naturales como justificadores de la autoridad del estado
653 ## - TÉRMINO INDIZADO - PALABRAS CLAVES
Palabra clave Apéndice 2: La controversia acerca de la eutanasia: una muestra
942 ## - ADDED ENTRY ELEMENTS (KOHA)
Source of classification or shelving scheme Dewey Decimal Classification
Item type Libros
Existencias
Estado de retiro Existencia Fuente de clasificación Estado general No para prestamo Ubicación permanente ubicación actual Sala de ubicación Fecha de adquisición Fuente de adquisición Total Checkouts Número de clasificación Código de barras Date last seen Número de ejemplar Price effective from Koha tipo de elemento (item) Public note
    Dewey Decimal Classification     Biblioteca Medicina Biblioteca Medicina Circulación 21/02/2017 Donación Dora Vera, Febrero 2017   170 82 TEI 3803 21/02/2017 Ej.1 21/02/2017 Libros Donación Dora Vera, Febrero 2017

UNIVERSIDAD NACIONAL DEL COMAHUE
Biblioteca de la Facultad de Ciencias Médicas
Sede Toschi: Los Arrayanes y Av. Toschi, Cipolletti  - Rio Negro
Sede Los Tordos:  Yrigoyen al 2211, Cipolletti - Rio Negro 

Teléfono: 0299 - 4774707 int 25
Contacto: biblioteca@facimed.uncoma.edu.ar
© 2011 - 2026